000 00467nam a22001697a 4500
003 OSt
008 250227b |||||||| |||| 00| 0 eng d
020 _a9789348140821
100 _aGOYAL, Mamta
245 _aUnlocking Docker: A Comprehensive Guide to Containerization and Future Trends
260 _aNew Delhi
_bNaples Indian
_c2024.
300 _a313p.
650 _aFaculty Publication
700 _aRajat Yadav
700 _aVijender
942 _2ddc
_cBK
999 _c13159
_d13159